Slowakei : Schauhöhlen /
Uložené v:
| Hlavný autor: | |
|---|---|
| Ďalší autori: | , , |
| Médium: | Kniha |
| Jazyk: | German Slovak |
| Vydané: |
Liptovský Mikuláš :
DTP štúdio Grafon,
c2003
|
| Vydanie: | [1. Aufl.] |
| Témy: | |
| ISBN: |
8089130100 (viaz.) |
| Fyzický popis: |
64 s. : fotogr., mp. ; 24 cm |
| Tagy: |
Pridať tag
Žiadne tagy, Buďte prvý kto otaguje tento záznam!
|
Titul je dostupný aj v ... 

MARC
| LEADER | 00000nam a2200000 a 4500 | ||
|---|---|---|---|
| 001 | 000000607 | ||
| 005 | 20040528115725.0 | ||
| 008 | 040528s2003 xo ab e bd 000 0 gero | ||
| 020 | |a 8089130100 (viaz.) | ||
| 040 | |a SVKKK |b slo |c SVKKK |e AACR2 | ||
| 041 | 1 | |a ger |h slo | |
| 044 | |a xo |c SK | ||
| 072 | 7 | |a 551 |x Geológia. Meteorológia. Klimatológia |2 konspekt | |
| 080 | |a 551.44 |2 1997 | ||
| 080 | |a (437.6) |2 1997 | ||
| 080 | |a (084.11) |2 1997 | ||
| 100 | 1 | |a Bella, Pavel |4 aut | |
| 245 | 1 | 0 | |a Slowakei : |b Schauhöhlen / |c [text: Pavel Bella] ; [übersetzung: Daniela Vojčíková] ; [foto: Petr Zajíček, Miroslav Eliáš] |
| 250 | |a [1. Aufl.] | ||
| 260 | |a Liptovský Mikuláš : |b DTP štúdio Grafon, |c c2003 | ||
| 300 | |a 64 s. : |b fotogr., mp. ; |c 24 cm | ||
| 500 | |a Údaj o aut., preklade a ilustr. prevzatý z tiráže | ||
| 504 | |a Bibliografia s. 62-63. Slovník | ||
| 650 | 0 | 7 | |a jaskyne |z Slovensko |2 SVKKKPH |
| 655 | 7 | |a obrazové publikácie |2 SVKKKPH | |
| 700 | 1 | |a Vojčíková, Daniela |4 trl | |
| 700 | 1 | |a Zajíček, Petr |4 pht | |
| 700 | 1 | |a Eliáš, Miroslav |4 pht | |
| 919 | |a 80-89130-10-0 | ||
| 998 | |a BK | ||
| 090 | |g SCKHL |k Sklad Pribinova prízemie |a IV.190290 |j 960039 |i 2720021118 |s Absenčne | ||